|
|
|
|
| LEADER |
00000nam a2200000 a 4500 |
| 001 |
vtls010179275 |
| 003 |
SK-MaSNL |
| 005 |
20260301213118.0 |
| 007 |
co bg auuua |
| 008 |
180801s2009 xo odl fs 100 0 slo |
| 015 |
|
|
|a SNBS2010
|
| 020 |
|
|
|a 9788022731072
|q (elektronická kniha)
|
| 040 |
|
|
|a SNK
|b slo
|c SNK
|e AACR2
|
| 041 |
0 |
|
|a slo
|
| 044 |
|
|
|a xo
|c SK
|
| 072 |
|
7 |
|a 681.5
|x Automatizačná a riadiaca technika
|2 konspekt
|
| 080 |
|
|
|a 681.5
|2 2001
|
| 080 |
|
|
|a 007
|2 2001
|
| 080 |
|
|
|a 007+004
|2 2001
|
| 080 |
|
|
|a 378.096:621.3+[007+004]
|2 2001
|
| 080 |
|
|
|a (062.534)
|2 2001
|
| 080 |
|
|
|a (0.034.44)
|2 2001
|
| 080 |
|
|
|a (082.2)
|2 2001
|
| 080 |
|
|
|a (437.6)
|2 2001
|
| 245 |
0 |
0 |
|a Nové trendy v kybernetike, automatizácii a informatike
|h elektronický zdroj
|b odborný seminár
|
| 250 |
|
|
|a [1. vyd.]
|
| 260 |
|
|
|a Bratislava
|b Slovenská technická univerzita
|c 2009
|
| 300 |
|
|
|a 1 elektronický optický disk (CD-ROM)
|b grafy, fotogr., sch., tab.
|c 12 cm
|
| 500 |
|
|
|a Názov z titulnej obrazovky
|
| 500 |
|
|
|a Zdroj obsahuje aj dokument 50 rokov automatizácie na FEI STU
|
| 516 |
|
|
|a Textový dokument (zborník), súbory vo formáte pdf
|
| 538 |
|
|
|a Technické požiadavky: Adobe Reader
|
| 610 |
2 |
7 |
|a Slovenská technická univerzita v Bratislave.
|b Fakulta elektrotechniky a informatiky
|2 SNKKA
|9 179801
|
| 650 |
0 |
7 |
|a automatizácia
|2 SNKPH
|9 1428
|
| 650 |
0 |
7 |
|a kybernetika
|2 SNKPH
|9 1125
|
| 650 |
0 |
7 |
|a informatika
|2 SNKPH
|9 1124
|
| 650 |
0 |
7 |
|a Automation
|2 SNKPHeng
|9 277006
|
| 650 |
0 |
7 |
|a Cybernetics
|2 SNKPHeng
|9 328843
|
| 650 |
0 |
7 |
|a Information science
|2 SNKPHeng
|9 266046
|
| 655 |
|
7 |
|a elektronické zdroje
|2 SNKPH
|9 90954
|
| 655 |
|
7 |
|a CD-ROM
|2 SNKPH
|9 70236
|
| 655 |
|
7 |
|a zborníky konferencií
|2 SNKPH
|9 70153
|
| 655 |
|
7 |
|a jubilejné publikácie
|2 SNKPH
|9 70339
|
| 655 |
|
7 |
|a Electronic resources
|2 SNKPHeng
|9 175546
|
| 655 |
|
7 |
|a Proceedings of conferences
|2 SNKPHeng
|9 265791
|
| 655 |
|
7 |
|a Jubilee books
|2 SNKPHeng
|9 281827
|
| 919 |
|
|
|a 978-80-227-3107-2
|
| 999 |
|
|
|c 920522
|d 922452
|
| 952 |
|
|
|a SNK
|b SNK
|y PREZ
|7 0
|p 17A0675578
|o snkSCDM 3244 D1
|i snk2010/22484
|8 0
|0 0
|1 0
|4 0
|d 2010-10-15
|l 0
|r 2026-02-24 08:13:49
|w 2026-02-24
|
| 952 |
|
|
|a SNK
|b SNK
|y PREZ
|7 0
|p 17A0675579
|o snkSCDM 3244
|i snk2010/22483
|8 0
|0 0
|1 0
|4 0
|d 2010-10-15
|l 0
|r 2026-02-24 08:13:49
|w 2026-02-24
|